| 000 | 00344nam a2200145 a 4500 | ||
|---|---|---|---|
| 001 | 435 | ||
| 003 | CDMR | ||
| 005 | 20130116135154.0 | ||
| 008 | 130130s1990||||||||||||||||||||||||||||d | ||
| 040 |
_aCDMR _bcat _cCDMR |
||
| 100 | 1 |
_aKarásek, Oldrich _9308 |
|
| 245 | 1 | 0 |
_aCeskoslovensko _cKARÁSEK, Oldrich |
| 260 |
_aPraga _c1990 _bOlympia |
||
| 942 | _cMON | ||
| 999 |
_c435 _d435 |
||